La Normativa autonómica en materia de urbanismo / Ministerio de Obras Públicas y Urbanismo, Dirección General de Acción Territorial y Urbanismo ; [realización: Alberto Clavería Donazar] Alberto Clavería Donazar]
MARC
| LEADER | 00000nam a2200000Ia 4500 | ||
|---|---|---|---|
| 001 | 14160 | ||
| 008 | 160829s9999 xx 000 0 cat d | ||
| 080 | |a FOL-2-38 | ||
| 100 | |a Espanya. Lleis, etc. |9 23269 | ||
| 245 | |a La Normativa autonómica en materia de urbanismo / Ministerio de Obras Públicas y Urbanismo, Dirección General de Acción Territorial y Urbanismo ; [realización: |b Alberto Clavería Donazar] | ||
| 260 | |a [Madrid : |b el Ministerio], DL 1985 | ||
| 300 | |a [286] p. ; |c 34 cm | ||
| 590 | |a Índexs. | ||
| 590 | |a Recull efectuat fins a finals de l'any 83 i principis del 84. | ||
| 590 | |a Presentació amb una carpeta d'anelles amb fulls solts | ||
| 650 | |a Urbanisme |x Dret i legislació |x Espanya |x Comunitats autònomes |9 25688 | ||
| 700 | |a Espanya. Dirección General de Acción Territorial y Urbanismo |9 25603 | ||
| 700 | |a Clavería Donazar, Alberto |9 25689 | ||
| 866 | |a V. I | ||
| 901 | |a Arxiu | ||
| 942 | |n 1 | ||
| 952 | |0 0 |1 0 |4 0 |6 FOL238 |7 1 |9 43738 |a Arxiu |b Arxiu |d 2016-12-01 |l 0 |o FOL-2-38 |p 14160 |r 2016-12-01 00:00:00 |w 2016-12-01 |y ARXIU | ||
| 999 | |c 46286 |d 46286 | ||